Ideas combo edition 29-32. (Record no. 15330)

000 -LEADER
fixed length control field 00617nam a2200193 a 4500
001 - CONTROL NUMBER
control field :::00013989$&:&@@
003 - CONTROL NUMBER IDENTIFIER
control field OkBaRHE
005 - DATE AND TIME OF LATEST TRANSACTION
control field 20100331122458.0
008 - FIXED-LENGTH DATA ELEMENTS--GENERAL INFORMATION
fixed length control field s1987 j 000 0 eng u
040 ## - CATALOGING SOURCE
Transcribing agency
100 1# - MAIN ENTRY--PERSONAL NAME
Personal name Rice, Wayne and Yaconelli, Mike,
245 10 - TITLE STATEMENT
Title Ideas combo edition 29-32.
260 ## - PUBLICATION, DISTRIBUTION, ETC. (IMPRINT)
Place of publication, distribution, etc El Cajon, CA., :
Name of publisher, distributor, etc Youth Specialties, Inc.
Date of publication, distribution, etc 1987
300 ## - PHYSICAL DESCRIPTION
Extent 194 p. ;
Dimensions 28 cm.
650 ## - SUBJECT ADDED ENTRY--TOPICAL TERM
Topical term or geographic name as entry element Youth Ministry
700 ## - ADDED ENTRY--PERSONAL NAME
Personal name Yaconelli, Mike, Joint editor.
942 ## - ADDED ENTRY ELEMENTS (KOHA)
Source of classification or shelving scheme
Koha item type Books
Copies
Damaged status Full call number Koha item type Lost status Price effective from Copy number Barcode Not for loan Permanent Location Source of classification or shelving scheme Date last seen Withdrawn status Date acquired Shelving location
 BV 4447 .R53 V.29-32Books 2010-04-14113989 RHEMA Bible Training College 2010-04-14 2010-04-14General Stacks